Engieering Mechanics Statics and Dynamics (Singer's) (Record no. 50085)

MARC details
000 -LEADER
fixed length control field 00426nam a2200145Ia 4500
008 - FIXED-LENGTH DATA ELEMENTS--GENERAL INFORMATION
fixed length control field 220530s9999 xx 000 0 und d
041 ## - LANGUAGE CODE
Language code of text/sound track or separate title eng
082 ## - DEWEY DECIMAL CLASSIFICATION NUMBER
Classification number 620.1
Item number RED
100 ## - MAIN ENTRY--PERSONAL NAME
Personal name Reddy Vijaya Kumar; Kumar J Suresh
9 (RLIN) 54832
245 ## - TITLE STATEMENT
Title Engieering Mechanics Statics and Dynamics (Singer's)
260 ## - PUBLICATION, DISTRIBUTION, ETC. (IMPRINT)
Place of publication, distribution, etc. Hyderabad
Name of publisher, distributor, etc. BS Publication
Date of publication, distribution, etc. 2010
300 ## - PHYSICAL DESCRIPTION
Extent 875
Other physical details PB
-- PB
700 ## - ADDED ENTRY--PERSONAL NAME
Personal name Kumar J Suresh
9 (RLIN) 54833
906 ## - LOCAL DATA ELEMENT F, LDF (RLIN)
a 94.5
b MECH
Holdings
Withdrawn status Lost status Damaged status Not for loan Collection code Home library Current library Date acquired Vendor Cost, normal purchase price Total Checkouts Full call number Barcode Date last seen Date last checked out Cost, replacement price Bill Date Koha item type Original Barcode
        Allied Science Cummins College of Engineering for Women Nagpur Cummins College of Engineering for Women Nagpur 19/01/2011 International Book House Pvt Ltd 350.00 1 620.1/RED CEWN-BK-2694 20/02/2024 29/01/2024 255.50 30/05/2022 Books 002694